000 01017nam a2200253 a 4500
001 61562
003 BD-RjUL
005 20211209080958.0
008 170119s1970 bg ||||| b||| 00| 0 ben d
020 _c: Tk. 2.00
035 _a(BD-RjUL)61686
040 _aBD-RjUL
_bben
_cBD-RjUL
041 _aben
082 _a378.17028
_bTAS 1970
100 _aটাসম্যান, জোসেফ
_9173232
245 1 0 _aশিক্ষা সমস্যা /
_cজোসেফ টাসম্যান ; অনুবাদ : মোহাম্মদ ইদ্রিস আলী
260 _aঢাকা :
_bবুক ভিলা,
_c১৯৭০
300 _a[১৪], ১৩৭ পৃ. ;
_c২৩ সেমি.
504 _aগ্রন্থপঞ্জি সংযুক্ত
650 _aশিক্ষা, মানবিক
_9170337
650 _aEducation, Humanistic.
_9171727
700 _aআলী, মোহাম্মদ ইদ্রিস, অনুবাদক
_9183433
942 _2ddc
_cBK
999 _c61562
_d61562